WWE - Funaki's PPV Opponents - Statistics

General Stats
  • This quiz has been taken 51 times
  • The average score is 37 of 66
Answer Stats
Year Event Match Type Answer % Correct
2004 WrestleMania XX Cruiserweight Open Match Chavo Guerrero
82%
2005 No Way Out Cruiserweight Open Match Chavo Guerrero
82%
2007 No Way Out Cruiserweight Open Match Chavo Guerrero
82%
2007 The Great American Bash Cruiserweight Open Match Chavo Guerrero
82%
2000 WrestleMania 16 15-Minute Hardcore Open Crash Holly
76%
2000 Unforgiven 10-Minute Hardcore Open Crash Holly
76%
2002 Rebellion Crash Holly
76%
2000 WrestleMania 16 15-Minute Hardcore Open Hardcore Holly
76%
2004 WrestleMania XX Cruiserweight Open Match Jamie Noble
71%
2006 Royal Rumble Cruiserweight Open Match Jamie Noble
71%
2007 No Way Out Cruiserweight Open Match Jamie Noble
71%
2007 The Great American Bash Cruiserweight Open Match Jamie Noble
71%
2004 WrestleMania XX Cruiserweight Open Match Rey Mysterio
71%
2000 WrestleMania 16 15-Minute Hardcore Open Bradshaw
68%
1998 Over the Edge 3-on-2 Handicap Match Justin Bradshaw
68%
2004 WrestleMania XX Cruiserweight Open Match Billy Kidman
66%
2006 Royal Rumble Cruiserweight Open Match Gregory Helms
63%
2006 No Way Out Cruiserweight Open Match Gregory Helms
63%
2007 No Way Out Cruiserweight Open Match Gregory Helms
63%
2007 The Great American Bash Cruiserweight Open Match Hornswoggle
61%
2004 WrestleMania XX Cruiserweight Open Match Ultimo Dragon
61%
2000 WrestleMania 16 15-Minute Hardcore Open Viscera
61%
2004 WrestleMania XX Cruiserweight Open Match Akio
58%
2005 No Way Out Cruiserweight Open Match Akio
58%
2007 No Way Out Cruiserweight Open Match Jimmy Wang Yang
58%
2007 The Great American Bash Cruiserweight Open Match Jimmy Wang Yang
58%
2000 WrestleMania 16 15-Minute Hardcore Open Joey Abs
58%
2005 No Way Out Cruiserweight Open Match Paul London
58%
2006 Royal Rumble Cruiserweight Open Match Paul London
58%
2006 No Way Out Cruiserweight Open Match Paul London
58%
2000 WrestleMania 16 15-Minute Hardcore Open Pete Gas
58%
2004 WrestleMania XX Cruiserweight Open Match Tajiri
58%
1998 Over the Edge 3-on-2 Handicap Match Taka Michinoku
58%
1998 King of the Ring 6-Man Tag Team Match Taka Michinoku
58%
2000 WrestleMania 16 15-Minute Hardcore Open Taka Michinoku
58%
2006 No Way Out Cruiserweight Open Match Brian Kendrick
55%
2000 WrestleMania 16 15-Minute Hardcore Open Faarooq
55%
2000 WrestleMania 16 15-Minute Hardcore Open Tazz
55%
2004 Armageddon Spike Dudley
53%
2005 No Way Out Cruiserweight Open Match Spike Dudley
53%
1998 King of the Ring 6-Man Tag Team Match Mosh
50%
2000 WrestleMania 16 15-Minute Hardcore Open Mosh
50%
2000 WrestleMania 16 15-Minute Hardcore Open Rodney
50%
1998 King of the Ring 6-Man Tag Team Match Thrasher
50%
2000 WrestleMania 16 15-Minute Hardcore Open Thrasher
50%
1998 SummerSlam 4-on-3 Handicap Match Golga
47%
1998 SummerSlam 4-on-3 Handicap Match Kurrgan
47%
2004 WrestleMania XX Cruiserweight Open Match Shannon Moore
47%
2005 No Way Out Cruiserweight Open Match Shannon Moore
47%
2007 No Way Out Cruiserweight Open Match Shannon Moore
47%
2007 The Great American Bash Cruiserweight Open Match Shannon Moore
47%
1998 SummerSlam 4-on-3 Handicap Match Giant Silva
45%
2000 Unforgiven 10-Minute Hardcore Open Steve Blackman
45%
2000 Unforgiven 10-Minute Hardcore Open Al Snow
42%
2004 WrestleMania XX Cruiserweight Open Match Nunzio
42%
2006 Royal Rumble Cruiserweight Open Match Nunzio
42%
2006 No Way Out Cruiserweight Open Match Nunzio
42%
2006 No Way Out Cruiserweight Open Match Scotty 2 Hotty
42%
2007 No Way Out Cruiserweight Open Match Scotty 2 Hotty
42%
2000 Unforgiven 10-Minute Hardcore Open Perry Saturn
39%
2006 No Way Out Cruiserweight Open Match Psicosis
39%
2006 No Way Out Cruiserweight Open Match Super Crazy
37%
2000 Unforgiven 10-Minute Hardcore Open Test
34%
2006 Royal Rumble Cruiserweight Open Match Kid Kash
29%
2006 No Way Out Cruiserweight Open Match Kid Kash
29%
2007 No Way Out Cruiserweight Open Match Daivari
16%
No matching quizzes found
Score Distribution
Percent of People with Each Score
Percentile by Number Answered
Your Score History
You have not taken this quiz